| 000 | 00943nam a2200181 i 4500 | ||
|---|---|---|---|
| 001 | 156063 | ||
| 003 | ES-MaACL | ||
| 005 | 20230906210316.0 | ||
| 008 | 990303s1850 sp |||| | spa d | ||
| 040 |
_aCCPB | B _bspa _cCCPB | B |
||
| 245 | 0 | 0 |
_aInvestigaciones sobre minerales auriferos o guia para encontrarlos, reconocerlos y ensayarlos / _cpor A.M.A. |
| 260 |
_aMadrid : _b[s.n.], _c1850 ( _fImprenta de la Viuda de Burgos) |
||
| 300 |
_a42 p., [1] h. de lám. pleg. ; _c22 cm. |
||
| 530 | _aDisponible en formato digital. | ||
| 650 | 4 |
_aMinerales auríferos. _9136507 |
|
| 852 |
_aES-MaACL _jT-339-F-12 _z-- Enc. hol. _z-- An. ms.: ded. de Miguel Martínez Ginesta al Ateneo de Madrid _q-- Falto de la cub. original _z-- Enc. en un vol. facticio _x-- Edic.: en el catálogo del Ateneo consta que el autor es Martínez Alcíbar, Agustín |
||
| 856 |
_uhttp://bdh-rd.bne.es/viewer.vm?id=0000076046&page=1 _zBiblioteca Digital Hispánica |
||
| 999 |
_c156063 _d156063 |
||